000
00344 a2200157 4500
001
62151
020
_a
9788501091376
040
_c
Anchieta - Pituba
100
_a
Smith, L. J.
240
1
0
_a
Diários do vampiro
_l
por
245
1
0
_a
Diários do vampiro
300
_a
396
362
0
_a
2012
650
4
_a
Ficção norte-americana
942
_c
BK
999
_c
62151
_d
62151